Statistiques concernant Lignes de bus RATP 300 à 399

Cliquez ici pour prendre le quiz!

Statistiques générales

  • Ce quiz a été pris 98 fois
    (26 depuis la dernière actualisation)
  • Le résultat moyen est 26 sur 97

Statistiques - réponses

Lignes RATPRéponse% Correct
302Gare du Nord
53%
360La Défense
53%
318Château de Vincennes
47%
325Château de Vincennes
47%
319Massy - Palaiseau RER
47%
399Massy - Palaiseau RER
47%
304Asnières - Gennevilliers - Les Courtilles
42%
378Asnières - Gennevilliers - Les Courtilles
42%
322Bobigny - Pablo Picasso
42%
301Bobigny - Pablo Picasso
42%
303Bobigny - Pablo Picasso
42%
304Nanterre - Place de la Boule
42%
303Noisy-le-Grand - Mont d'Est RER
42%
320Noisy-le-Grand - Mont d'Est RER
42%
306Noisy-le-Grand - Mont d'Est RER
42%
341Charles de Gaulle - Etoile
37%
361Gare d'Argenteuil
37%
340Gare d'Argenteuil
37%
385Juvisy RER
37%
399Juvisy RER
37%
396Marché International de Rungis
37%
319Marché International de Rungis
37%
310Noisy - Champs RER
37%
351Roissypole
37%
350Roissypole
37%
367Rueil-Malmaison RER
37%
306Saint-Maur - Créteil RER
37%
301Val de Fontenay RER
37%
395Antony RER
32%
308Créteil - Préfecture du Val de Marne
32%
302La Courneuve Six Routes
32%
322Mairie de Montreuil
32%
378Nanterre - Ville RER
32%
317Nogent-le Perreux RER
32%
321Torcy RER
32%
340Asnières - Gennevilliers - Gabriel Péri
26%
388Bourg-la-Reine RER
26%
390Bourg-la-Reine RER
26%
394Bourg-la-Reine RER
26%
323/Chatillon - Montrouge
26%
366Eglise de Colombes
26%
361Gare de Pierrefitte - Stains RER
26%
337Gare de Pierrefitte - Stains RER
26%
360Hôpital de Garches
26%
317Hôtel de Ville de Créteil
26%
394Issy - Val de Seine RER
26%
323Issy - Val de Seine RER
26%
323Ivry - Gambetta
26%
317/Le Parc de St Maur RER
26%
321Lognes RER
26%
311Noisiel RER
26%
312Noisy-Champs RER - Descartes
26%
318Pantin - Raymond Queneau
26%
367Pont de Bezons
26%
350Porte de la Chapelle
26%
325Quai de la Gare
26%
353Saint-Denis - Université
26%
321/Aérodrome de Lognes
21%
396Antony - La Croix de Berny RER
21%
385Epinay-sur-Orge RER
21%
330Fort d'Aubervilliers
21%
346/Gare de Bondy RER
21%
391Gare de Vanves - Malakoff
21%
368Garges - Sarcelles RER
21%
382Les Ardoines RER
21%
310Les Yvris - Noisy-le-Grand RER
21%
382Pont de Rungis RER
21%
346Rosny - Bois Perrier RER - Rosny 2
21%
311Terre Ciel
21%
380Villejuif - Louis Aragon
21%
370Villiers-le-Bel RER
21%
308Villiers-sur-Marne - Le Plessis Trévise RER
21%
366Asnières - Bords de Seine
16%
323/Chatillon - Montrouge Métro
16%
356Deuil-la-Barre - Marché des Mortefontaines
16%
389Hôtel de Ville de Boulogne-Billancourt
16%
346Le Blanc-Mesnil - Place de la Libération
16%
355Lycée J. - J. Rousseau
16%
351Paris - Nation - Trône
16%
368Place du Souvenir Français
16%
341Porte de Clignancourt - Croisset
16%
388Porte d'Orléans
16%
330Raymond - Queneau - Anatole France
16%
396/Robert Schuman
16%
356Saint-Denis - Cité Floréal
16%
353Saint-Denis - ZAC Landy Nord
16%
390Vélizy - Europe Sud
16%
380Arcueil - Vache Noire - Centre Commercial
11%
391Bagneux - Pont Royal RER
11%
389Clamart - Georges Pompidou
11%
337Deuil-la-Barre Zone Artisanale du Moutier
11%
395Le Plessis-Robinson - Pavé Blanc
11%
372Maisons-Alfort - Alfortville RER
11%
372Maisons-Alfort - Louis Fliche
11%
370Marché de Saint-Brice
11%
319/Massy - Opéra-Théâtre
11%
385/Savigny-sur-Orge - Toulouse-Lautrec
11%

Distribution des résultats

Percentile par nombre de réponses

% des personnes avec chaque résultat

Votre développement - résultats

Vous n’avez pas pris ce quiz depuis la dernière actualisation